The complexity of rule systems, experience and organizational learning (Record no. 56755)

000 -LEADER
fixed length control field 00392pab a2200145 454500
008 - FIXED-LENGTH DATA ELEMENTS--GENERAL INFORMATION
fixed length control field 180718b2003 xxu||||| |||| 00| 0 eng d
100 ## - MAIN ENTRY--PERSONAL NAME
Personal name Beck, Nikolaus
245 ## - TITLE STATEMENT
Title The complexity of rule systems, experience and organizational learning
260 ## - PUBLICATION, DISTRIBUTION, ETC.
Date of publication, distribution, etc. 2003
300 ## - PHYSICAL DESCRIPTION
Extent p.793-814
650 ## - SUBJECT ADDED ENTRY--TOPICAL TERM
Topical term or geographic name entry element Organizations
700 ## - ADDED ENTRY--PERSONAL NAME
Personal name Kieser, Alfred
773 ## - HOST ITEM ENTRY
Main entry heading Organization Studies
909 ## -
-- 56755
Holdings
Withdrawn status Lost status Damaged status Not for loan Permanent Location Current Location Date acquired Serial Enumeration / chronology Barcode Date last seen Price effective from Koha item type
        Indian Institute of Public Administration Indian Institute of Public Administration 2018-07-19 Volume no: 24, Issue no: 5 AR57200 2018-07-19 2018-07-19 Articles

Powered by Koha